000 00873aam a2200325 4500
005 20260212091115.0
008 150715b1983 xxu||||| |||| 00| 0 spa d
020 _a8482722859
041 _aESP
082 _a364 B493pe
100 _aBergalli, Roberto
_929750
100 _aBustos Ramírez, Juan
_914909
100 _aGonzález Z, Carlos
100 _aMiralles, Teresa
100 _aDe Sola Dueñas, Ángel
100 _aViladas, Carles
245 _aEl pensamiento criminológico II: Estado y control
260 _aColombia
260 _bEditorial Temis
260 _c1983
300 _a268 páginas
490 _aInvestigación Criminal
650 _aCRIMINOLOGÍA
650 _aSOCIOLOGÍA CRIMINAL
650 _aPATOLOGÍA CRIMINAL
650 _aDERECHO PENAL
650 _aPOLÍTICA SOCIAL
650 _aESTADO CONTROL
942 _cBK
_2ddc
999 _c10654
_d10654